Электроимпедансная спектрометрия для оценки состояния системы Мать - Плацента - Плод; Неразрушающий контроль: электронное приборостроение, технологии, безопасность; Т. 1

Bibliografski detalji
Parent link:Неразрушающий контроль: электронное приборостроение, технологии, безопасность: сборник трудов IV Всероссийской научно-практической конференции студентов, аспирантов и молодых учёных, Томск, 26-30 мая 2014 г./ Национальный исследовательский Томский политехнический университет (ТПУ).— , 2014
Т. 1.— 2014.— [С. 304-305]
Glavni autor: Краева Н. Н.
Autor kompanije: Национальный исследовательский Томский политехнический университет (ТПУ) Институт неразрушающего контроля (ИНК) Кафедра промышленной и медицинской электроники (ПМЭ)
Daljnji autori: Бразовский К. С. Константин Станиславович (научный руководитель)
Sažetak:Заглавие с титульного листа.
Jezik:ruski
Izdano: 2014
Serija:Электронно-измерительные устройства контроля и диагностики в технике и медицине
Teme:
Online pristup:http://www.lib.tpu.ru/fulltext/c/2014/C36/V1/110.pdf
Format: Elektronički Poglavlje knjige
KOHA link:https://koha.lib.tpu.ru/cgi-bin/koha/opac-detail.pl?biblionumber=609257

MARC

LEADER 00000naa2a2200000 4500
001 609257
005 20240124160814.0
035 |a (RuTPU)RU\TPU\conf\6704 
035 |a RU\TPU\conf\6701 
090 |a 609257 
100 |a 20141031d2014 k y0rusy50 ca 
101 0 |a rus 
102 |a RU 
105 |a y z 101zy 
135 |a drcn ---uucaa 
181 0 |a i  
182 0 |a b 
200 1 |a Электроимпедансная спектрометрия для оценки состояния системы Мать - Плацента - Плод  |f Н. Н. Краева, К. С. Бразовский  |g науч. рук. К. С. Бразовский 
203 |a Текст  |c электронный 
215 |a 1 файл (501 Кб) 
225 1 |a Электронно-измерительные устройства контроля и диагностики в технике и медицине 
300 |a Заглавие с титульного листа. 
320 |a [Библиогр.: с. 305 (3 назв.)] 
337 |a Adobe Reader 
461 1 |0 (RuTPU)RU\TPU\conf\6241  |t Неразрушающий контроль: электронное приборостроение, технологии, безопасность  |o сборник трудов IV Всероссийской научно-практической конференции студентов, аспирантов и молодых учёных, Томск, 26-30 мая 2014 г.  |o в 2 т.  |f Национальный исследовательский Томский политехнический университет (ТПУ)  |d 2014 
463 1 |0 (RuTPU)RU\TPU\conf\6243  |t Т. 1  |v [С. 304-305]  |d 2014 
610 1 |a труды учёных ТПУ 
610 1 |a электронный ресурс 
610 1 |a спектрометрия 
610 1 |a беременность 
610 1 |a развитие 
610 1 |a плод 
610 1 |a патологии 
610 1 |a диагностика 
700 1 |a Краева  |b Н. Н. 
701 1 |a Бразовский  |b К. С.  |c специалист в области электроники  |c кандидат медицинских наук, доцент Томского политехнического университета  |f 1971-  |g Константин Станиславович  |3 (RuTPU)RU\TPU\pers\32927  |9 16775 
702 1 |a Бразовский  |b К. С.  |c кандидат медицинских наук  |c доцент Томского политехнического университета  |f 1971-  |g Константин Станиславович  |4 727 
712 0 2 |a Национальный исследовательский Томский политехнический университет (ТПУ)  |b Институт неразрушающего контроля (ИНК)  |b Кафедра промышленной и медицинской электроники (ПМЭ)  |3 (RuTPU)RU\TPU\col\18719 
801 1 |a RU  |b 63413507  |c 20090623  |g PSBO 
801 2 |a RU  |b 63413507  |c 20141120  |g PSBO 
856 4 |u http://www.lib.tpu.ru/fulltext/c/2014/C36/V1/110.pdf 
942 |c BK